| 000 | 00605aam a2200253 4500 | ||
|---|---|---|---|
| 005 | 20240627174023.0 | ||
| 008 | 150605b2011 cr ||||| |||| 00| 0 spa d | ||
| 020 | _a9789968318310 | ||
| 041 | _aESP | ||
| 082 | _a581.972.86 G643f | ||
| 100 |
_aGonzález Arce, Luis Alonso _923171 |
||
| 245 | _aFlora de Costa Rica I: guía práctica | ||
| 260 | _aCosta Rica | ||
| 260 | _bEUNED | ||
| 260 | _c2011 | ||
| 300 | _a270 páginas | ||
| 650 | _aBOTÁNICA | ||
| 650 | _aFLORA | ||
| 650 | _aGIMNOSPERMAS | ||
| 650 | _aANGIOSPERMAS | ||
| 650 | _aDICOTILEDONEAS | ||
| 942 |
_cBK _2ddc |
||
| 999 |
_c2635 _d2635 |
||